| 000 | 00590nab a2200157Ia 4500 | ||
|---|---|---|---|
| 003 | ES-SlBCS | ||
| 005 | 20210601133739.0 | ||
| 008 | 140529s2006 xxu||||| |||| 00| 0 por d | ||
| 041 | _apor | ||
| 100 | 1 |
_aMalta Tredezini, Adriana de Lanna _9209150 |
|
| 245 | 0 | 0 |
_aGestao escolar e administraçao empresarial: aproximaçao e confronto _c Adriana de Lanna Malta Tredezini, Jefferson Ildefonso da Silva |
| 650 | 0 | 4 |
_aGestión Escolar _9209151 |
| 700 | 1 |
_aSilva, Jefferson Ildefonso da _9209020 |
|
| 773 | 0 |
_tEducaçao e Filosofia _gvol. 20, nº. 39, 2006, págs. 163-185 _wRev1534 |
|
| 942 | _cAR | ||
| 999 |
_c601475 _d601475 |
||